Counties of Sweden Quiz - Statistics

General Stats
  • This quiz has been taken 57 times
  • The average score is 12 of 21
Answer Stats
County % Correct
Stockholm
90%
Norrbotten
75%
Västerbotten
75%
Skåne
65%
Uppsala
65%
Jönköping
60%
Dalarna
55%
Örebro
55%
Södermanland
55%
Blekinge
50%
Gävleborg
50%
Gotland
50%
Halland
50%
Kalmar
50%
Kronoberg
50%
Jämtland
45%
Östergötland
45%
Värmland
45%
Västernorrland
45%
Västmanland
40%
Västra Götaland
35%
No matching quizzes found
Score Distribution
Percent of People with Each Score
Percentile by Number Answered
Your Score History
You have not taken this quiz